000 00718nas a2200229 4500
001 BR8701977
003 BR-BrBNA
005 20231205090630.0
007 ta
008 230509b bl.|||p| |||| 00| 00por d
040 _aBR-BrBNA
_bpor
_cBiblioteca Nacional de Agricultura
041 _a(Pt)
072 _aE13
100 1 _aAmbrosi, I.
100 1 _aCruz, E.R. da
245 1 _aTaxas de retorno dos recursos aplicados em pesquisa no Centro Nacional de Pesquisa de Trigo, EMBRAPA
650 _aINVESTIMENTO
650 _aTRIGO
773 0 _tRevista de Economia Rural (Brazil)
_xISSN 0100-4905
_g(Apr-Jun 1986), v. 24(2) p. 195-209
_wBR8701977
909 _a202311
_bLúcia
_c55
_dLúcia Elande
942 _2AGRIS
_n0
_cANA
999 _c119918
_d119918